000 00848nam a2200265Ia 4500
003 OSt
005 20220918185339.0
006 a|||||r|||| 00| 0
007 ta
008 220917b |||||||| |||| 00| 0 eng d
024 _a50,697
037 _cTextual
040 _aARTS
_cARTS
_beng
041 _2eng
_aeng
082 _aP1110m152,6:2, K7 (PD)
100 _aBrowning Dorothy Ann
_968716
245 0 _aContrastive collocational analysis with examples from Hindi and English
260 _aAnn arbor
_bUniv Microfilms
_c1967
300 _av,140p.
_ccm.
490 _aUniversity of Texas , Linguistics (Department 0f-_ ), Dissertation , 1967
500 _aAppendix 90-134p; Bib 135-40p
650 _aLINGUISTICS
942 _hP1110m152,6:2, K7 (PD)
_cTEXL
_2CC
999 _c180293
_d180293